000 00695nam a2200265Ia 4500
008 220216s9999 xx 000 0 und d
100 _aWu B
245 0 _aComparative proteomic analysis of the Hevea brasiliensis latex under ethylene and calcium stimulation
260 _bProtein & Peptide Letters
_c2019
500 _aSource Year: 2019
650 _aHevea brasiliensis
650 _aProteomic analysis
700 _a
_Wang X
700 _aGao L
700 _aHe P
700 _aSun Y
700 _aWang D
700 _aWang G
700 _aWei J
700 _aWu M
700 _aWu W
700 _aXio J
856 _u(doi:10.2174/0929866526666190614105856)
942 _cJS
999 _c55944
_d55944